| 000 | 00874nam a2200229 i 4500 | ||
|---|---|---|---|
| 001 | bg | ||
| 245 | 0 | 0 |
_aKomputerowy słownik języka polskiego PWN [Dokument elektroniczny] / _c[red. prow. Jadwiga Linde-Usiekniewicz]. |
| 250 | _aWyd. 2. | ||
| 260 |
_aWarszawa : _bWydawnictwo Naukowe PWN, _c1998. |
||
| 300 |
_a1 dysk optyczny (CD-ROM) : _bkolor. ; _c12 cm + _eInstrukcja. |
||
| 500 | _aTyt. z ekranu tyt. | ||
| 500 | _aDokument towarzyszący: Komputerowy słownik języka polskiego : instrukcja. 47 s. : il. ; 21 cm. | ||
| 500 | _aWymagania systemowe: IBM PC; Windows 95 lub nowsze; karta dźwiękowa; czytnik CD-ROM. | ||
| 650 | 9 | _aSłownik polski | |
| 655 | _aDokumenty elektroniczne | ||
| 700 | 1 |
_aLINDE-USIEKNIEWICZ, Jadwiga. _eRed. |
|
| 040 | _cBPK | ||
| 041 | 0 | _apol | |
| 080 | _a811.162.1'374 | ||
| 942 | _cCD | ||
| 008 | s pl f |000 0 pol | ||
| 999 |
_c24009 _d24009 |
||